| 000 | 00794nam a22002297a 4500 | ||
|---|---|---|---|
| 003 | OSt | ||
| 005 | 20130530170352.0 | ||
| 008 | 130530s2013 sp ||||| |||| 00| 0 spa d | ||
| 020 | _a9788484094135 (U. Lleida) | ||
| 020 | _a9788498879193 (U. Santiago de Compostela) | ||
| 040 | _cCDMR | ||
| 245 | 0 | 3 |
_aEl conflicto de Iraq y el Derecho Internacional _b: el caso Couso _cAlbert Galinsoga Jordà (ed.) |
| 260 |
_aLleida _bUniversitat de Lleida |
||
| 260 |
_aSantiago de Compostela _bUniversidade de Santiago de Compostela _cDl 2013 |
||
| 300 | _a705 p. | ||
| 490 | 0 |
_aSud-nord (Universitat de Lleida) _v19 |
|
| 600 | 1 |
_92874 _aCouso, José |
|
| 650 | 0 | 4 |
_93582 _aGuerra d'Iraq, 2003-2011 |
| 650 | 0 | 4 |
_93588 _aDret internacional |
| 700 | 1 |
_93580 _aGalinsoga Jordà, Albert _eed. |
|
| 942 |
_2udc _cMON |
||
| 999 |
_c6352 _d6352 |
||